Chapter Studying Adult Education. A Comparison of Master’s Degree Programmes on ALE in Germany and the US (Record no. 20808)

MARC details
000 -LEADER
fixed length control field 00550nam a2200121Ia 4500
008 - FIXED-LENGTH DATA ELEMENTS--GENERAL INFORMATION
fixed length control field 220616s9999||||xx |||||||||||||| ||und||
100 ## - MAIN ENTRY--PERSONAL NAME
Personal name Kleinschmidt, Jessica||Ramsey, Claire||Schwarz, Jörg
245 #0 - TITLE STATEMENT
Title Chapter Studying Adult Education. A Comparison of Master’s Degree Programmes on ALE in Germany and the US
546 ## - LANGUAGE NOTE
Language note English[eng]
650 ## - SUBJECT ADDED ENTRY--TOPICAL TERM
Topical term or geographic name entry element Higher Education||Adult Learning and Education||United States||Germany||Comparative Re-search
856 ## - ELECTRONIC LOCATION AND ACCESS
Uniform Resource Identifier <a href="https://library.oapen.org/bitstream/20.500.12657/56173/1/14713.pdf">https://library.oapen.org/bitstream/20.500.12657/56173/1/14713.pdf</a>
942 ## - ADDED ENTRY ELEMENTS (KOHA)
Koha item type E-Books
Holdings
Withdrawn status Lost status Damaged status Not for loan Home library Current library Date acquired Total Checkouts Date last seen Price effective from Koha item type
        Kerala University of Digital Sciences, Innovation and Technology Knowledge Centre Kerala University of Digital Sciences, Innovation and Technology Knowledge Centre 16/06/2022   16/06/2022 16/06/2022 E-Books